| 000 | 00340nam a2200133Ia 4500 | ||
|---|---|---|---|
| 008 | 210210b1982 xxu||||| |||| 00| 0 eng d | ||
| 082 | _a823.914 FOLK | ||
| 100 | _aFOLK TALES. | ||
| 245 | _aFolk tales of Mauritius. | ||
| 260 |
_aN D _bSterling Publishers Pvt Ltd., _c1982 |
||
| 300 | _ax,120 | ||
| 690 | _aEnglish Fiction | ||
| 906 | _a035912 | ||
| 999 |
_c86277 _d86277 |
||